01133cam a2200277 a 4500001001300000003000400013005001700017008004100034010001700075035001900092040001800111041001300129050002400142130005600166245008600222260004100308300001900349440005300368440006200421500006700483504005300550505014000603700005900743700003600802999001700838sa 66000484 DLC20260227112215.0770118r19651881ii b 001 0 eng  asa 66000484  a(OCoLC)2685218 aDLCcDLCdDLC1 aenghpli00aBQ2312.E5bD38 19650 aTipiṭaka.pVinayapiṭaka.kSelections.lEnglish.10aVinaya texts /ctranslated from Pāli by T.W. Rhys Davids and Hermann Oldenberg. aDelhi :bMotilal Banarsidass,c1965. a3 v. ;c23 cm. 0aSacred books of the East series ;vv. 13, 17, 20 0aUNESCO collection of representative works.pIndian series aReprint. Originally published: Oxford : Clarendon Press, 1881. aIncludes bibliographical references and indexes.0 apt. 1. The Pātimokkha ; The Mahāvagga, I-IV -- pt. 2. The Mahâvagga, V-X ; The Kullavagga, I-III -- pt. 3. The Kulavagga, IV-XII.1 aDavids, T. W. Rhysq(Thomas William Rhys),d1843-1922.1 aOldenberg, Hermann,d1854-1920. c67276d67276